[Event "EU-chT (Men) 19th"]
[Site "Warsaw"]
[Date "2013.11.11"]
[Round "4.11"]
[White "Bartel, Mateusz"]
[Black "Skoberne, Jure"]
[Result "1/2-1/2"]
[WhiteElo "2626"]
[BlackElo "2573"]
[Annotator "Marin,M"]
[PlyCount "96"]
[EventDate "2013.11.08"]
[EventType "team-swiss"]
[EventRounds "9"]
[EventCountry "POL"]
[SourceTitle "CBM 158"]
[Source "ChessBase"]
[SourceDate "2014.01.16"]
[SourceVersion "1"]
[SourceVersionDate "2014.01.16"]
[SourceQuality "1"]
[WhiteTeam "Poland"]
[BlackTeam "Slovenia"]
[WhiteTeamCountry "POL"]
[BlackTeamCountry "SLO"]

1. e4 d6 2. d4 Nf6 3. Nc3 g6 4. Nf3 Bg7 5. h3 ({The game will later transpose
to the classic line. The move order characteristic for the latter would be:} 5.
Be2 O-O 6. O-O c6 7. a4 Qc7 8. Be3 e5 9. h3) 5... O-O 6. Be3 c6 7. a4 Qc7 8.
Be2 e5 9. O-O {I have exmined this position briefly in my comments to
Harikrishna-Ivanchuk. Since theory seems to be developing fast in this line, I
have inserted the old comments and added some new ones.} exd4 10. Bxd4 {
This 'maintains some flexibility, but the bishop is exposed in the centre.'} (
10. Nxd4 Re8 {There are some problems with defending the central pawn.} 11. Bf3
{is relatively best, but does not promise White active play.} ({Apart from
weakening g3,} 11. f3 {allows} d5 $1 $132 12. Bd3 $6 Bxh3 $1 13. gxh3 Qg3+ 14.
Kh1 Qxh3+ 15. Kg1 Qg3+ 16. Kh1 Re5 $19 {Gislason,G-Waagmeester,W/EU-ch M corr
1997/Corr 2000 (0-1, 18)}) (11. Bd3 {This exposes the bishop not so much to ...
Nbd7-c5xd3, which would strengthen the white centre in a way, but rather to ...
c6-c5-c4, after some preparation, of course.} Nbd7 12. f4 a6 {Controlling b5,
to give to ...c5-c4 the contours of a real threat.} 13. Re1 (13. Nde2 $6 c5 14.
Ng3 d5 15. e5 d4 $17 {Wright-Botterill,G/Hastings 1970 (0-1, 21)}) 13... b6 (
13... c5 $6 14. Nf3 c4 $6 15. Bf1 Nxe4 $2 16. Bd4 $16) 14. Bf2 Bb7 $15 {
[%cal Gc6c5,Gb6b5]}) 11... Nbd7 12. Re1 a5 (12... Ne5 13. Be2 b6 14. f4 Ned7
15. Bf3 Bb7 16. a5 a6 17. axb6 Nxb6 18. Bf2 c5 19. Nb3 Nc4 20. Ra2 Nd7 $132 {
Novikov,I (2465)-Eingorn,V (2530)/Kharkov 1985/MCL (1/2, 24). The strong
pressure against e4 and the whole queenside compensates for the slightly
weakened structure.}) 13. Qd2 Nc5 14. Bf4 Nfd7 15. Rad1 Ne5 16. Be2 Qb6 17. b3
Qb4 18. Kh1 $6 Ned3 $1 19. Bxd3 Bxd4 20. Na2 Qxd2 21. Rxd2 d5 $15 {Kostro,
J-Smyslov,V/Polanica Zdroj 1968/EXT 99 (0-1, 41)}) 10... Re8 11. Re1 $1 {
The most effective way of defending the e4-pawn is the indirect one.} ({
The seemingly flexible} 11. Nd2 {allows Black to complete his development very
harmoniously and even become ambitious in the centre.} Nbd7 12. Re1 b6 13. f4 {
weakens the e4-square, which will become relevant after Black succeeds in
carrying out ...d6-d5.} (13. f3 Bb7 14. Nf1 Rad8 15. Qd2 Nc5 16. Bc4 Ne6 17.
Bf2 d5 18. exd5 cxd5 19. Bd3 Nh5 20. Nb5 Qb8 21. c3 Nhf4 $15 {Koopman,H-Van
Wijgerden,C (2435)/Wijk aan Zee 1984/EXT 2003 (0-1, 50)}) (13. Nc4 Re6 14. f3
Bb7 15. Qd2 a6 (15... d5 $1 16. exd5 cxd5 17. Nb5 Qb8 18. Ne3 Qf4 19. Nf1 Qxd2
20. Nxd2 Rae8 $15) 16. Bf1 Rae8 17. Ne3 b5 (17... d5 18. exd5 cxd5 $15 {
[%cal Gg7f8,Gf8d6,Gg7h6,Gh6f4]}) 18. axb5 axb5 19. b4 Nb6 20. Ng4 Nxg4 21. hxg4
$16 {Short,N (2485)-Van Wijgerden,C (2425)/Amsterdam 1982/MCL (1-0, 43)}) 13...
Bb7 14. Bf3 Rad8 15. Bf2 Bh6 (15... Nc5 16. g3 d5 17. exd5 (17. e5 Nfe4 18.
Ncxe4 Nxe4 19. Bxe4 dxe4 20. Qe2 e3 21. Bxe3 c5 22. Nc4 Qc6 23. Kh2 f6 $15)
17... Nxd5 18. Bxd5 Rxe1+ 19. Qxe1 cxd5 20. Nb5 Qd7 21. Nd4 Ne4 $17 {
Blaskowski,J-Lobron,E/Germany 1976/EXT 1999 (0-1, 48)}) 16. g3 a5 17. Nf1 Nc5
18. Bd4 Bg7 19. Qd2 Ne6 20. Bf2 d5 21. exd5 (21. e5 Nd7 22. Rad1 f6 23. exf6
Nxf6 $17) 21... Nxd5 22. Bxd5 cxd5 23. Nb5 Qd7 (23... Qc6 24. Nd4 Nxd4 25. Bxd4
Re4 26. c3 Bxd4+ 27. cxd4 Qc4 $17) 24. Bxb6 d4 (24... Rc8 $17 25. Nd4 $2 Qd6
26. Ba7 Qa6 27. Nb5 d4 $19) 25. Bxd8 Qc6 26. Qh2 Rxd8 $44 {Kremenietsky,A 
(2390)-Glyanets,A (2380)/Moscow 1991/TD (0-1, 58)}) (11. Bc4 {is not dangerous
either:} Be6 (11... Nxe4 $2 {would transpose to the line from the next comment}
) 12. Qd3 Nbd7 13. Rad1 Ne5 $11) 11... Nbd7 (11... Nxe4 $2 12. Bxg7 Kxg7 13.
Bc4 d5 14. Qd4+ f6 15. Nxe4 dxe4 16. Rxe4 $32) 12. Bc4 {Now that ...Be6 is not
possible anymore, this is justified.} (12. Bf1 {is too passive.} b6 13. Qd2 Bb7
14. Rad1 Ne5 (14... Rad8 $11) 15. Nxe5 dxe5 16. Be3 Rad8 17. Bd3 Nh5 18. g3 Bf8
19. Qe2 Ng7 20. Bc4 Bc8 21. h4 Ne6 $15 {Rantanen,Y (2410)-Karner,H (2395)/
Tallinn 1975/MCD (1-0, 100)}) 12... Ne5 ({Black cannot keep developing
flexibly with} 12... b6 $6 {in view of} 13. Ng5 Re7 14. f4 $36) 13. Nxe5 (13.
Be2 b6 14. Qd2 Bb7 15. Rad1 Rad8 $11 16. Be3 $6 {[%cal Gf3d4,Gf2f4]} (16. Qf4
Nfd7 {[%cal Gd7f8,Gf8e6,Gd7c5,Gc5e6,Ga7a6,Gb6b5,Gc6c5]}) 16... d5 17. exd5 (17.
Nxe5 Nxe4 18. Nxe4 dxe4 19. Nd3 exd3 20. Bxd3 c5 $36) 17... Nxd5 18. Bg5 f6 19.
Nxe5 (19. Bh4 Ne7 20. Qc1 Nxf3+ 21. Bxf3 Nf5 $17) 19... fxg5 20. Nxd5 Rxd5 21.
Nd3 Bf6 $15 {Sevillano,E (2557)-Ivanov,A (2648)/Chelmsford 2001/EXT 2005 (1/2,
42)}) 13... dxe5 14. Be3 $11 {White's position looks a bit more active, but
Black has easy play. In the long run, his possibilities for manoeuvring are
better, since White has some problems with finding a job for his knight.} a5
$146 {Since a4-a5 with the intention of freezing Black's queenside is a
permanent threat, this is a sound novelty.} ({Given White's better development
I find} 14... b6 {too slow and a bit questionable. Concretely, it may be good,
though.} 15. Qf3 a6 $6 {But this is pushing things too far.} (15... Be6 $1) 16.
Bg5 (16. Rad1 b5 17. Bb3 Be6 18. Bxe6 Rxe6 $11) (16. Red1 $1 Rb8 17. Bg5 Nh5
18. Ne2 b5 19. axb5 axb5 20. Bb3 {[%cal Gg2g4]} h6 21. Bd8 $1 $36) 16... Qe7 (
16... Nh5 17. Ne2 Be6) 17. Qe3 Qc7 18. Rf1 Nh5 19. Bh6 Bh8 20. Ne2 Bb7 21. b4
Rad8 22. Rae1 Rd7 23. Kh1 b5 $11 {Madeira,W-Lima,D/Brasilia 1982/EXT 2002 (0-1,
29)}) (14... Nh5 {The manoeuvre initiated with this move is time consuming,
but there is a big positional element at stake: the d4-square. Should the
knight land there, Black would be even better!} 15. Qf3 Nf4 16. Rad1 (16. a5
Bf8 17. Red1 Be6 18. Bf1 b5 19. axb6 axb6 20. g3 Nh5 21. Na4 Reb8) 16... Ne6 (
16... Be6 17. Bf1 Qa5 $5 $11 {[%cal Ga8d8]}) 17. Ne2 Bf8 18. c3 Nc5 19. Bxc5
Bxc5 20. b4 Bf8 21. Rd3 Be6 $11 {Arutjunian,A (2270)-Timofeev,A/St Petersburg
1998/EXT 2000 (0-1, 48)}) (14... Be6 15. Bxe6 Rxe6 16. a5 $14) 15. Qf3 Be6 16.
Bxe6 Rxe6 17. Nb1 $5 {An interesting Karpovian regrouping.} (17. Rad1 Rd8 {
[%cal Ge6d6]}) 17... Nd7 (17... Bf8 18. Nd2 b5 19. Nb3 $14) 18. Nd2 Bf8 19. Nb3
(19. Nc4 b5 20. Nd2 (20. Na3 Qb7) 20... Nc5 $11) 19... Be7 (19... c5 $5 {
would have been a radical way of questioning the viability of White's plan.
What is the knight doing on b3 after all?} 20. Red1 (20. c4 Nb8 21. Rad1 Rb6
22. Rd3 Nc6 23. Nxc5 Nd4 24. Bxd4 exd4 25. Nb3 Qxc4) 20... c4 21. Nc1 Qc6 22.
Ne2 Bb4 23. Rd5 (23. Nc3 Bxc3 24. bxc3 Nf6 25. Rd5 b6 26. Bh6 Rae8 $13) 23...
Rf6 24. Qg3 Rd6 $11 25. Rad1 $6 Rxd5 26. Rxd5 Qxa4) ({Or if Black simply
wanted to exchange rooks on the d-file, the safer move order would have been} 
19... Rd6 20. Red1 Rxd1+ 21. Rxd1 Be7 22. Qe2 Rd8) 20. Red1 Rd8 21. Qe2 Nf8 (
21... Rd6 $5) 22. Rxd8 Bxd8 23. Qc4 (23. Nd2 $5 {[%cal Gd2c4] would have
offered better chances to retain some pressure. Somehow, Black's regrouping is
not too impressive.}) 23... Rd6 24. Nc5 Ne6 25. Nd3 Rd7 $11 26. Kf1 $2 {
White was probably thinking of the endgame already, but with queens on the
board the king is rather exposed on f1.} (26. Nc5 Nxc5 27. Bxc5 $11) 26... Bg5
$1 $15 27. Nc5 (27. Bxg5 Rd4 28. Qc3 Nxg5 29. f3 Ne6 $15) 27... Nxc5 28. Bxg5
Qb6 (28... Ne6 29. Be3 Qd8) 29. Rb1 $2 (29. b3 $1 Rd4 30. Qe2 Rxe4 $6 31. Be3
$44 {Black's pieces are awkwardly placed, for instance} Qa6 32. Qxa6 Nxa6 33.
c3 {[%csl Ge4][%cal Ga1d1]}) 29... Rd4 30. Qe2 Rxe4 $2 (30... Nxa4 $1 31. Be3
$2 Nc3 32. Bxd4 exd4) 31. Be3 Rxa4 32. Rd1 (32. c3 $1 {Black has problems
freeing himself from the pin.}) 32... Qb4 33. Bh6 Ne6 (33... f6 {is not easy
to decide upon, but it seems that it would have offered ta good chance to
repell the attack:} 34. Rd8+ Kf7 35. Qd1 Ne6 36. Rd7+ Ke8 37. Rxh7 Qd4) 34.
Qxe5 Qb5+ 35. Qxb5 cxb5 36. Rd7 $11 Rh4 37. Be3 Rb4 38. b3 a4 39. Rxb7 axb3 40.
Bh6 f6 41. cxb3 Rxb3 42. g3 g5 43. Kg2 Rc3 44. Rxb5 Kf7 45. h4 Kg6 46. hxg5
fxg5 47. Rb6 Kxh6 48. Rxe6+ Kg7 1/2-1/2

[Event "EU-chT (Men) 19th"]
[Site "Warsaw"]
[Date "2013.11.17"]
[Round "9.13"]
[White "Gretarsson, Hjorvar Steinn"]
[Black "Illescas Cordoba, Miguel"]
[Result "1/2-1/2"]
[WhiteElo "2511"]
[BlackElo "2614"]
[Annotator "Marin,M"]
[PlyCount "94"]
[EventDate "2013.11.08"]
[EventType "team-swiss"]
[EventRounds "9"]
[EventCountry "POL"]
[SourceTitle "CBM 158"]
[Source "ChessBase"]
[SourceDate "2014.01.16"]
[SourceVersion "1"]
[SourceVersionDate "2014.01.16"]
[SourceQuality "1"]
[WhiteTeam "Iceland"]
[BlackTeam "Spain"]
[WhiteTeamCountry "ISL"]
[BlackTeamCountry "ESP"]

1. d4 d6 2. Nf3 g6 3. e4 Nf6 4. Nc3 Bg7 5. Be2 O-O 6. O-O c6 7. a4 Qc7 8. Re1 {
This move refrains from any early ambitions in the centre, aiming for a slow
regrouping. By consolidating the e4-pawn, White intends to avoid being forced
to release the tension with d4xe5 (after the more or less inevitable ...e7-e5).
} ({The game that first revealed to me the virtues of 7...Qc7 went} 8. Be3 e5
9. dxe5 ({For} 9. h3 {see - by transposition - the game Berg-Skoberne, from
the same tournament, which I annotated separately.}) 9... dxe5 10. a5 Bg4 {
Harikrishna,P (2669)-Ivanchuk,V (2768)/Ningbo 2011/CBM 144/[Marin,M] (1/2, 43)}
) 8... e5 9. h3 {The usefulness of this move at this precise stage of the game
is not too clear yet. However, White will most likely need it in the near
future, while other moves may prove premature committments.} (9. dxe5 {is not
too consequent. White's early initiative is likely to vanish soon.} dxe5 10.
Bc4 Nbd7 11. Bg5 (11. b4 Nh5 12. Be3 {(1/2, 37) Vukcevich,M (2490)-Smyslov,V 
(2580)/Hastings 1976/EXT 1999} Nf4 13. a5 Nf6 $132) (11. a5 Nc5 12. h3 Rd8 13.
Qe2 {Sieiro Gonzalez,L (2430)-Zaichik,G (2500)/Camaguey 1987/EXT 1997 (0-1, 40)
} Ne6 {[%cal Ge6d4]} 14. Na4 b5 15. Bxe6 Bxe6 16. Nc5 Bc4 17. Qe3 Nd7 $11)
11... Nc5 12. Qc1 Be6 13. Bf1 a5 (13... Bg4 $5 {[%cal Gc5e6,Ge6d4,Gg4f3]} 14.
Nd2 Bd7 {[%cal Gc5e6,Ge6d4]}) 14. Qe3 b6 15. h3 Ne8 16. Bh6 Bxh6 17. Qxh6 f6
18. Qe3 Nd6 19. Rad1 Rad8 20. Rd2 Rd7 21. Red1 Rfd8 22. b3 Kg7 23. g3 Nf7 $15 {
Hernandez Onna,R (2395)-Karner,H (2395)/Tallinn 1975/MCD (0-1, 42). In this
more or less symmetrical position, Black is more flexibly regrouped. The
position may well be within the ranges of equality, but experience has taught
me that if Black equalises completely in this line his play is somehow more
pleasant. Pure psychology, quite possibly.}) (9. d5 {is not too dangerous.
True, White should not be worse, but in the following game he made several
questionable moves.} cxd5 10. exd5 Nbd7 11. Nb5 Qb8 12. c4 a6 13. Nc3 a5 14. b3
Nc5 15. Ba3 b6 16. b4 axb4 17. Bxb4 Bd7 18. Bxc5 bxc5 19. Rb1 Qd8 $15 {
Malisauskas,V (2570)-Neverovsky,G (2360)/Katowice 1993/EXT 1998 (1/2, 43)}) (9.
a5 {This looks like a useful half-waiting move, waiting for Black to play ...
Nbd7 so that White can forget about ...Bg4. And yet, the last move allows
Black to speed up his queenside counterplay.} Re8 $6 ({The correct move order
is} 9... Nbd7 {and if 10.Bf1 Re8, transposing to the next comment from this
subline. White does not achieve much with} 10. dxe5 dxe5 11. Bc4 Nc5 12. Qe2
Nh5 $132) 10. dxe5 $1 (10. Bf1 Nbd7 11. g3 Rb8 12. Bg2 b5 13. axb6 axb6 {
[%cal Gb6b5] is comfortable for Black.}) 10... dxe5 11. Bc4 Rd8 {Too much
moving around with the same piece, while the queenside is undeveloped.} 12. Qe2
Nh5 13. g3 Na6 14. Be3 h6 15. Nh4 $36 {(1-0, 39) Zakharov,A (2380)-Zakharevich,
I (2335)/Smolensk 1991/EXT 2000}) (9. Bf1 Re8 10. h3 ({White cannot avoid it
anymore. If} 10. g3 Bg4 {Now that the bishop has more or less defined its
intentions with the last pawn move, the exchange on f3 favours Black.}) 10...
Nbd7 {transposes to the game.}) 9... Nbd7 10. Bf1 (10. a5 Re8 11. Bf1 Rb8 12.
g3 b5 13. axb6 axb6 14. Bg2 b5 $11) 10... b6 {A key element in Blacks play.
The slow expansion with ...Bb7, ...a6, ...b5 is practically impossible to stop.
} 11. g3 ({One of the games I had as a model when I started playing the Pirc
went} 11. Be3 Bb7 12. dxe5 dxe5 13. Qd3 a6 14. Qc4 Rac8 15. Rad1 b5 16. Qb3
Rfe8 17. Ng5 Re7 18. g3 h6 19. Nf3 Ba8 20. Nh4 Kh7 21. Bg2 Rb8 22. axb5 cxb5
23. Nd5 Nxd5 24. exd5 Qd6 25. c3 Ree8 26. Qc2 Rbc8 27. Kh2 Nb6 $132 {Illescas
Cordoba,M (2530)-Spraggett,K (2555)/Terrassa 1990/CBM 019/[King,D] (0-1, 53).
Apparently, Miguel also appreciated his opponent's play in this game, since he
now has it with the black pieces.}) ({And here is another game having
Spraggett with black:} 11. Bg5 h6 12. Be3 Re8 13. dxe5 dxe5 14. Qd2 Kh7 15.
Rad1 Bf8 16. Qc1 Nc5 17. Nd2 a6 (17... Bb7 $1 $11 18. b4 Ne6 19. b5 Rad8) 18.
b4 Ncd7 (18... Ne6 19. b5 $5) 19. Bc4 (19. Qb2 $1) 19... Bxb4 20. Na2 Bc5 21.
Bxf7 Re7 $13 {Krylov,S (2290)-Spraggett,K (2530)/Moscow 1994/CBM 044 ext (0-1,
47)}) 11... a6 12. Bg2 Bb7 13. Be3 (13. Bg5 Rfe8 14. Bxf6 {(??)} Nxf6 15. dxe5
{(?) 1/2 Varga,Z (2479)-Grunberg,M (2400)/Timisoara 2008/CBM 125 Extra. This
looks very much like a pre-agreed draw, don't you feel the same?}) 13... Rfe8
$11 {Both sides have almost completed regrouping. Black has done what he
should do in the Pirc whenever allowed, but I am a bit skeptical about White's
play. In principle, he reached a position characteristic for the 4.g3 system,
after having lost two tempi! So, reiterating an idea expressed above, during
an over the board game I would rather evaluate it as an =/+.} 14. g4 $6 $146 {
No real threat, just weakening the kingside.} (14. dxe5 dxe5 15. Qc1 ({In
order to avoid problems, White should switch to defensive regrouping:} 15. Nd2
b5 16. Na2) 15... b5 $15 {Zecevic,D (2331)-Malenica,M (2137)/Sibenik 2002/EXT
2003 (1-0, 48)}) (14. Qd2 {allows the same operation as in the game:} exd4 (
14... b5 $15 {is not bad, either.}) 15. Bxd4 c5) 14... exd4 ({Actually, I fail
to get White's idea, since} 14... b5 15. g5 Nh5 {looks absolutely great for
Black. In fact, in the 4.g3 system the knight goes to e2, allowing such a plan:
g3-g4, Ng3, with the (serious already) threat of g4-g5.}) 15. Bxd4 (15. Nxd4 c5
$17 {[%cal Gf6e4]}) 15... c5 16. Bxf6 Bxf6 17. Nd5 Bxd5 18. Qxd5 Bxb2 19. Rad1
Bc3 (19... Ne5 20. Qxd6 Qxd6 21. Rxd6 b5 $15) 20. Re3 (20. Re2 Rad8 21. Qxd6
Qc8 $15 {[%csl Gf4][%cal Ge8e6,Gd7f8]}) 20... Be5 21. Nxe5 Nxe5 22. f4 (22.
Qxd6 Qxd6 23. Rxd6 Nc4 $19) 22... Rad8 $1 23. Ree1 Nc6 24. c3 Na5 $15 25. Bf1
c4 26. Kh1 Qc5 27. Bg2 Nb3 28. e5 Qxd5 29. Bxd5 dxe5 30. fxe5 Nc5 31. e6 fxe6 (
31... Nxe6 $5 {would actually win a tempo over the game, but may not have
changed the result:} 32. Bxe6 Rxd1 33. Bxf7+ Kxf7 34. Rxd1 Re3 35. Rd6 Rxc3 36.
Rxb6 Rxh3+ 37. Kg2 $15) 32. Bxe6+ Nxe6 33. Rxd8 Rxd8 34. Rxe6 Rd3 35. Rxb6
Rxh3+ 36. Kg2 Rxc3 37. Rxa6 $11 Ra3 38. a5 Kg7 39. Rc6 Kh6 40. Rc5 c3 41. Kg3
c2+ 42. Kf4 Ra4+ 43. Kg3 Ra2 44. Kf4 Kg7 45. a6 Kf6 46. Rc6+ Ke7 47. a7 Rxa7
1/2-1/2

[Event "Olympiad-40"]
[Site "Istanbul"]
[Date "2012.09.03"]
[Round "6.3"]
[White "Dzhumaev, Marat"]
[Black "Milos, Gilberto"]
[Result "1-0"]
[WhiteElo "2499"]
[BlackElo "2593"]
[Annotator "Marin,M"]
[PlyCount "81"]
[EventDate "2012.08.28"]
[EventType "team-swiss"]
[EventRounds "11"]
[EventCountry "TUR"]
[SourceTitle "CBM 151"]
[Source "ChessBase"]
[SourceDate "2012.11.13"]
[SourceVersion "1"]
[SourceVersionDate "2012.11.13"]
[SourceQuality "1"]
[WhiteTeam "Uzbekistan"]
[BlackTeam "Brazil"]
[WhiteTeamCountry "UZB"]
[BlackTeamCountry "BRA"]

1. d4 Nf6 2. Nc3 g6 3. e4 d6 4. Nf3 Bg7 5. Be2 O-O 6. O-O c5 7. dxc5 dxc5 8. h3
Nc6 9. e5 Nd7 10. e6 fxe6 11. Ne4 $146 (11. Be3 b6 12. Ng5 Nde5 13. Qxd8 Nxd8
14. a4 Nec6 15. Bd3 {1/2 Nijboer,F (2562)-Hendriks,W (2447)/Hilversum 2009/CBM
131 Extra}) 11... b6 12. c3 Nf6 {Black has an extra (true, double) pawn and is
not under immediate pressure. However, White's play is somewhat easier because
of the stability of his position.} 13. Qc2 Nd5 14. Re1 Qe8 15. Bd2 h6 16. Ng3
Bb7 17. Bd3 Rf6 $2 {Missing an excellent oportunity to change the course of
the game:} (17... Rxf3 $3 18. gxf3 (18. Bxg6 Rf7 $1 $13) 18... Ndb4 $1 19. cxb4
Nd4 20. Qd1 (20. Qc1 Nxf3+ 21. Kf1 Rd8 $40) 20... Nxf3+ 21. Kf1 Nh2+ 22. Kg1
$11) 18. Nh2 $40 g5 19. Ng4 Qf7 20. Rad1 Kh8 21. Bc1 Rf8 22. Be4 c4 23. Nxf6
exf6 24. Nf5 Rd8 25. Ne3 Ne5 26. b3 Rc8 27. bxc4 Nxc4 28. Nxd5 Bxd5 29. Bxd5
exd5 30. Qf5 Rc5 31. Rd3 Kg8 32. Red1 Nd6 33. Qf3 Ne4 34. c4 Rxc4 35. Rxd5 Bf8
36. Rd8 b5 37. Be3 f5 38. Ra8 g4 39. hxg4 fxg4 40. Qxg4+ Ng5 41. Qg3 1-0